000 00471nam a2200181Ia 4500
008 180921t2015 xxu||||| |||| 00| 0 sin d
041 _asin
080 _a8-31
_bAIT
100 _aAitmatov, Chinghiz
245 _aඅම්මා සහ මිහිකත
246 _aMother Field
260 _bNishantha
_aGanemulla
_c2015
300 _a159p, 22cm
700 _aDadigama V.Rudrigu
_etr.
942 _cBK
999 _c10593
_d10593
003 LK-CoDNM
040 _aLK-CoDNM
_dLK-CoDNM
_eLK-CoDNM